Países que mais exportam comida - Statistics

Estatísticas Gerais
  • Esse quiz foi jogado 201 vezes
  • A pontuação média é 8 de 10
Estatísticas das Respostas
Hint Resposta % Correto
$79B Brasil
100%
$149B Estados Unidos
100%
$63B China
97%
$37B Índia
90%
$38B Argentina
87%
$49B Canadá
84%
$32B Austrália
79%
$36B Indonésia
57%
$31B Tailândia
50%
$26B Malásia
32%
Nenhum quiz correspondente encontrado
Distribuição das Pontuações
Porcentagem de Pessoas com Cada Pontuação
Percentil de Números Respondidos
Sua Pontuação Histórica
Você não jogou esse quiz